| 000 | 00495nam a22002057a 4500 | ||
|---|---|---|---|
| 003 | OSt | ||
| 005 | 20140310182931.0 | ||
| 008 | 130131t xxu||||| |||| 00| 0 eng d | ||
| 020 | _a9712713326 | ||
| 050 |
_aHB 171.5 _b.Si565 2003 |
||
| 082 |
_aFIL 330 _b.Si565 2003 |
||
| 245 |
_aEconomics _cSicat, Gerardo P. |
||
| 260 |
_aPasig City _bAnvil _c2003 |
||
| 300 |
_a3 v. _c25 cm. |
||
| 521 | _aCollege | ||
| 526 | _c1210L-1700L | ||
| 541 | _j1 | ||
| 562 | _e1 | ||
| 942 |
_2lcc _cBK _kFIL |
||
| 999 |
_c17537 _d17537 |
||